[Event "DEM U10/U10w 2008"]
[Site "Willingen GER"]
[Date "2008.05.11"]
[Round "1"]
[White "Dresig, Moritz"]
[Black "Schramm, Anna-Lena"]
[Result "1-0"]
[Termination "normal"]
[Board "41"]
[WhiteElo "1181"]
[BlackElo "780"]
[PlyCount "111"]
[WhiteFideId "1270307"]
[BlackFideId "12918237"]
[EventCountry "GER"]
[EventRounds "11"]
[EventType "swiss"]
[EventDate "2008.05.10"]

1. Nf3 e6 2. e4 Nc6 3. d4 Nf6 4. Nc3 Bd6 5. e5 O-O 6. Bg5 Bxe5 7. dxe5 Nxe5 8.
Nxe5 d6 9. Ng4 e5 10. Nxf6+ gxf6 11. Bh6 Re8 12. Ne4 f5 13. Bg5 Qd7 14. Nf6+
Kf8 15. Nxd7+ Bxd7 16. Qh5 Re6 17. Bc4 Rg6 18. Qxh7 Be6 19. Qh8+ Rg8 20. Bh6+
Ke7 21. Bg5+ Kf8 22. Qh6+ Ke8 23. Qf6 Kd7 24. Bxe6+ fxe6 25. Qf7+ Kc6 26. Qxe6
Rxg5 27. g3 Rgg8 28. Qxf5 d5 29. Qe6+ Kc5 30. Rd1 c6 31. O-O Rge8 32. Qg4 Rg8
33. Qa4 b5 34. Qb3 a5 35. Qc3+ Kd6 36. Rfe1 e4 37. Qf6+ Kc5 38. h4 Raf8 39.
Qc3+ Kd6 40. Qxa5 Ra8 41. Qb4+ Ke5 42. Qe7+ Kf5 43. Qd7+ Ke5 44. Qxc6 Rab8 45.
Qxd5+ Kf6 46. Qxe4 Rbe8 47. Qc6+ Kg7 48. Rxe8 Rxe8 49. Qxe8 b4 50. Rd5 b3 51.
Rg5+ Kf6 52. Qe5+ Kf7 53. Rf5+ Kg6 54. Qe6+ Kg7 55. Rf7+ Kg8 56. Qe8# 1-0

[Event "DEM U10/U10w 2008"]
[Site "Willingen GER"]
[Date "2008.05.11"]
[Round "1"]
[White "Wallat, Jessica"]
[Black "Titgemeyer, Eva Maria"]
[Result "0-1"]
[Termination "normal"]
[Board "42"]
[WhiteElo "760"]
[BlackElo "1180"]
[PlyCount "50"]
[WhiteFideId "12909637"]
[BlackFideId "24655350"]
[EventCountry "GER"]
[EventRounds "11"]
[EventType "swiss"]
[EventDate "2008.05.10"]

1. e4 e5 2. Nc3 Nf6 3. d3 Bc5 4. Be3 Bb6 5. Nf3 Nc6 6. Be2 d6 7. O-O Nd4 8. Nh4
Nxe2+ 9. Qxe2 Ng4 10. Nd5 Qxh4 11. h3 Nxe3 12. Nxe3 Bd7 13. Nf5 Bxf5 14. exf5
O-O-O 15. Rfe1 Qf4 16. g4 Qg5 17. b4 h5 18. Kh2 hxg4 19. Rg1 Rxh3+ 20. Kg2 Rdh8
21. Kf1 Rh2 22. Rg2 Rh1+ 23. Rg1 g3 24. Rxh1 g2+ 25. Kg1 Rxh1# 0-1

[Event "DEM U10/U10w 2008"]
[Site "Willingen GER"]
[Date "2008.05.11"]
[Round "1"]
[White "Gheng, Christian"]
[Black "Schröder, Janina"]
[Result "1-0"]
[Termination "normal"]
[Board "43"]
[WhiteElo "1177"]
[BlackElo "738"]
[PlyCount "33"]
[WhiteFideId "24660345"]
[BlackFideId "24693138"]
[EventCountry "GER"]
[EventRounds "11"]
[EventType "swiss"]
[EventDate "2008.05.10"]

1. e4 e5 2. Nf3 Nc6 3. Bb5 a6 4. Ba4 b5 5. Bb3 Nf6 6. O-O Bb4 7. c3 Bc5 8. d4
exd4 9. cxd4 Bb6 10. e5 Ng4 11. Ng5 Qe7 12. Qxg4 O-O 13. Bc2 d6 14. Bxh7+ Kh8
15. Qh4 dxe5 16. Bg6+ Kg8 17. Qh7# 1-0

[Event "DEM U10/U10w 2008"]
[Site "Willingen GER"]
[Date "2008.05.11"]
[Round "2"]
[White "Wagner, Robert"]
[Black "Riasanow, Nikita"]
[Result "1/2-1/2"]
[Termination "normal"]
[Board "2"]
[WhiteElo "1561"]
[BlackElo "1259"]
[PlyCount "206"]
[WhiteFideId "24656879"]
[EventCountry "GER"]
[EventRounds "11"]
[EventType "swiss"]
[EventDate "2008.05.10"]

1. d4 Nf6 2. c4 g6 3. Nc3 Bg7 4. e4 d6 5. f3 O-O 6. Be3 e5 7. d5 Nbd7 8. Bd3 b6
9. Qd2 Nc5 10. Nge2 Ba6 11. b3 Qe7 12. Bc2 Bc8 13. g4 Ne8 14. Ng3 Nb7 15. h4 f6
16. b4 a5 17. b5 Nd8 18. Ke2 Nf7 19. Bd3 Bb7 20. Qc2 Bh6 21. Qd2 Bxe3 22. Qxe3
Ng7 23. h5 g5 24. h6 Ne8 25. Nf5 Qd7 26. Rh2 Kh8 27. Rah1 Rg8 28. Qf2 Nd8 29.
Qg2 Qf7 30. Qh3 Qf8 31. Qh5 Qf7 32. Qh3 Rg6 33. Qg2 Qf8 34. Qf2 Nf7 35. Rh3 Bc8
36. Qh2 Ra7 37. a3 Bd7 38. Kd2 Ra8 39. Ke2 Rd8 40. a4 Bc8 41. Kd2 Rd7 42. Ke2
Nd8 43. Kd2 Rf7 44. Kc2 Nb7 45. Kd2 Nc5 46. Bc2 Bxf5 47. exf5 Rg8 48. Kd1 Re7
49. Kd2 Rd7 50. Kd1 Qe7 51. Kd2 Rf8 52. Kd1 Rf7 53. Kd2 Kg8 54. Kd1 Qd8 55. Kd2
Rfe7 56. Kd1 Kf7 57. Kd2 Qa8 58. Kd1 Rd8 59. Kd2 Red7 60. Kd1 Qb7 61. Kd2 Ke7
62. Kd1 Rb8 63. Kd2 Kd8 64. Kd1 Re7 65. Kd2 Kd7 66. Kd1 Rd8 67. Kd2 Kc8 68. Kd1
Kb8 69. Kd2 Ka7 70. Kd1 Rb8 71. Kd2 Qc8 72. Kd1 Qd7 73. Kd2 Qd8 74. Kd1 Rd7 75.
Kd2 Qe7 76. Kd1 Nb7 77. Kd2 Nd8 78. Kd1 Qf8 79. Kd2 Nf7 80. Kd1 Nd8 81. Kd2 Nb7
82. Kd1 Nc5 83. Kd2 Qe7 84. Kd1 Rbd8 85. Kd2 Kb7 86. Kd1 Ra8 87. Kd2 Rb8 88.
Kd1 Rc8 89. Kd2 Rdd8 90. Kd1 Qd7 91. Kd2 Ka7 92. Kd1 Nb7 93. Kd2 Qe7 94. Kd1
Nc5 95. Kd2 Nd7 96. Kd1 Nf8 97. Kd2 Qf7 98. Kd1 Qg8 99. Kd2 Nd7 100. Kd1 Nb8
101. Kd2 Rd7 102. Kd1 Qf7 103. Kd2 Qf8 1/2-1/2

[Event "DEM U10/U10w 2008"]
[Site "Willingen GER"]
[Date "2008.05.11"]
[Round "2"]
[White "Bluhm, Sonja Maria"]
[Black "Keller, Peter"]
[Result "1-0"]
[Termination "normal"]
[Board "4"]
[WhiteElo "1520"]
[BlackElo "1217"]
[PlyCount "149"]
[WhiteFideId "24654027"]
[BlackFideId "1272105"]
[EventCountry "GER"]
[EventRounds "11"]
[EventType "swiss"]
[EventDate "2008.05.10"]

1. e4 b6 2. d4 Bb7 3. Nc3 e6 4. a3 d5 5. exd5 exd5 6. Bf4 Bd6 7. Bxd6 Qxd6 8.
Nf3 Nf6 9. Bd3 O-O 10. O-O c5 11. Re1 Nc6 12. dxc5 bxc5 13. Qd2 h6 14. Rad1
Rfe8 15. Ne2 Ne5 16. Nxe5 Qxe5 17. Ng3 Qc7 18. c3 Ne4 19. Bxe4 dxe4 20. Qc2 Qc6
21. Rd2 Re5 22. Red1 c4 23. Rd7 e3 24. fxe3 Rxe3 25. Qf2 f6 26. R1d6 Re1+ 27.
Nf1 Qe4 28. Rd4 Qc6 29. Rxb7 Rxf1+ 30. Qxf1 Qxb7 31. Qxc4+ Kh8 32. Qb4 Qxb4 33.
Rxb4 Rd8 34. Kf2 Rd2+ 35. Kf3 Kh7 36. Rb7 Kg6 37. h3 h5 38. a4 a5 39. Rb5 Kh6
40. Rb3 Rd3+ 41. Kf2 g5 42. Rb5 Rd2+ 43. Kf3 Rd3+ 44. Ke2 Rg3 45. Kf2 Rd3 46.
c4 Rd4 47. Rxa5 Rxc4 48. b3 Rc3 49. b4 Rb3 50. b5 Kg6 51. Ra6 Kf5 52. Rc6 Ke5
53. b6 f5 54. Rc5+ Ke4 55. Rb5 Rc3 56. b7 Rc2+ 57. Kg1 g4 58. b8=Q gxh3 59.
Qe5+ Kd3 60. Qxf5+ Kd2 61. Qxh3 Rc1+ 62. Kh2 Rc3 63. Rb2+ Rc2 64. Rxc2+ Kxc2
65. Qe3 h4 66. a5 Kb2 67. Qd3 Ka1 68. Qd2 h3 69. a6 hxg2 70. a7 g1=Q+ 71. Kxg1
Kb1 72. Qe2 Kc1 73. a8=Q Kb1 74. Qaa2+ Kc1 75. Qec2# 1-0

[Event "DEM U10/U10w 2008"]
[Site "Willingen GER"]
[Date "2008.05.11"]
[Round "2"]
[White "Baskin, Robert"]
[Black "Bach, Jannik"]
[Result "1-0"]
[Termination "normal"]
[Board "5"]
[WhiteElo "1186"]
[BlackElo "1642"]
[PlyCount "131"]
[WhiteFideId "24662402"]
[BlackFideId "24615900"]
[EventCountry "GER"]
[EventRounds "11"]
[EventType "swiss"]
[EventDate "2008.05.10"]

1. e4 d5 2. exd5 Qxd5 3. Nc3 Qa5 4. d4 Bf5 5. Bd2 c6 6. Bc4 Qc7 7. Nf3 e6 8. h3
Bd6 9. Nh4 Bg6 10. Nxg6 hxg6 11. O-O Nf6 12. Re1 O-O 13. Ne4 Nxe4 14. Rxe4 Nd7
15. Bg5 Nb6 16. Bb3 a5 17. a3 Rae8 18. Qd2 a4 19. Ba2 e5 20. Rae1 Qb8 21. Qe2
Nd7 22. f4 Nf6 23. Bxf6 gxf6 24. fxe5 fxe5 25. dxe5 Bc5+ 26. Kh1 Kg7 27. c3 b5
28. Bb1 Re6 29. Ba2 Re7 30. e6 f5 31. Rh4 Bd6 32. Qd2 Bg3 33. Qd4+ Rf6 34. Rh7+
Kxh7 35. Qxf6 Qe8 36. Re3 Bf4 37. Qh4+ Bh6 38. Re2 g5 39. Qd4 Bg7 40. Qc5 Qf8
41. Qxc6 Qd8 42. Qxb5 Qd1+ 43. Kh2 Qd6+ 44. g3 Qd1 45. Qxf5+ Kh8 46. Qc2 Qd6
47. Rd2 Qc7 48. Qxa4 Be5 49. Qa8+ Kg7 50. Qf3 Qc5 51. Rd5 Qb6 52. Rxe5 Qxb2+
53. Qe2 Qxc3 54. Rxg5+ Kf6 55. h4 Rc7 56. Qf2+ Ke7 57. Qf7+ Kd6 58. Rd5+ Kc6
59. Qe8+ Kb7 60. Qb5+ Ka7 61. Qa5+ Qxa5 62. Rxa5+ Kb6 63. Re5 Rc2+ 64. Kh3 Rxa2
65. e7 Rxa3 66. e8=Q 1-0

[Event "DEM U10/U10w 2008"]
[Site "Willingen GER"]
[Date "2008.05.11"]
[Round "2"]
[White "Xiong, Ferdinand"]
[Black "Weber, Sandra"]
[Result "1-0"]
[Termination "normal"]
[Board "6"]
[WhiteElo "1500"]
[BlackElo "1195"]
[PlyCount "111"]
[WhiteFideId "24654132"]
[BlackFideId "1270049"]
[EventCountry "GER"]
[EventRounds "11"]
[EventType "swiss"]
[EventDate "2008.05.10"]

1. e4 e5 2. Nf3 Nc6 3. Bc4 Bc5 4. b4 Bxb4 5. c3 Be7 6. d4 Na5 7. Nxe5 Nxc4 8.
Nxc4 d5 9. exd5 Qxd5 10. Ne3 Qd6 11. O-O Nf6 12. Re1 O-O 13. Nd2 Re8 14. Ndc4
Qc6 15. Bb2 Nd5 16. Ne5 Qe6 17. c4 Nxe3 18. fxe3 Bg5 19. Qd3 f6 20. Nf3 Bh6 21.
e4 b6 22. d5 Qg4 23. Kh1 Qh5 24. Rad1 Bf4 25. Bc1 Bd6 26. Re2 Bg4 27. Rde1 Re5
28. Bf4 Bxf3 29. gxf3 Ree8 30. Bxd6 cxd6 31. Rg2 g6 32. Reg1 Kg7 33. f4 a6 34.
f5 g5 35. Qd4 Rab8 36. Rxg5+ Qxg5 37. Rxg5+ Kf7 38. Rg4 Rec8 39. Qg1 Rg8 40.
Rxg8 Rxg8 41. Qxb6 Re8 42. Qxd6 Rxe4 43. Qxa6 Re8 44. d6 Re1+ 45. Kg2 Rd1 46.
d7 Rd2+ 47. Kf3 Ke7 48. Qe6+ Kd8 49. Qxf6+ Kxd7 50. Qe6+ Kc7 51. f6 Rd6 52. Qe5
Kd7 53. f7 Kc6 54. f8=Q Rd7 55. Qec5+ Kb7 56. Qfc8# 1-0

[Event "DEM U10/U10w 2008"]
[Site "Willingen GER"]
[Date "2008.05.11"]
[Round "2"]
[White "Titgemeyer, Eva Maria"]
[Black "Schröder, Jan-Christian"]
[Result "0-1"]
[Termination "normal"]
[Board "7"]
[WhiteElo "1180"]
[BlackElo "1477"]
[PlyCount "82"]
[WhiteFideId "24655350"]
[BlackFideId "24662259"]
[EventCountry "GER"]
[EventRounds "11"]
[EventType "swiss"]
[EventDate "2008.05.10"]

1. e4 e5 2. Nf3 Nc6 3. Bc4 Nf6 4. Ng5 d5 5. exd5 Na5 6. Bb5+ c6 7. dxc6 bxc6 8.
Be2 h6 9. Nf3 e4 10. Ne5 Bd6 11. f4 Nd5 12. g3 Qe7 13. Nc4 Nxc4 14. Bxc4 Nxf4
15. Nc3 Bh3 16. b3 Ng2+ 17. Ke2 Bg4+ 18. Kf2 Qf6+ 19. Kxg2 Bf3+ 20. Kg1 Bc5+
21. d4 exd3+ 22. Kf1 Bxh1+ 23. Bf4 Qxc3 24. Qe1+ Qxe1+ 25. Rxe1+ Kd7 26. cxd3
Bd5 27. Bxd5 cxd5 28. Rc1 Bd6 29. Bxd6 Kxd6 30. Ke2 Rac8 31. Rf1 f6 32. Ke3 Rc2
33. a4 Rxh2 34. b4 Ra2 35. a5 Rb2 36. Rf4 Re8+ 37. Kf3 Ree2 38. Kg4 Rf2 39. Rd4
Ke5 40. Rf4 f5+ 41. Kh4 Rh2# 0-1

[Event "DEM U10/U10w 2008"]
[Site "Willingen GER"]
[Date "2008.05.11"]
[Round "2"]
[White "Altstadt, Karl-Simon"]
[Black "Peters, Tom"]
[Result "1/2-1/2"]
[Termination "normal"]
[Board "8"]
[WhiteElo "1177"]
[BlackElo "1472"]
[PlyCount "42"]
[WhiteFideId "24696676"]
[BlackFideId "24694444"]
[EventCountry "GER"]
[EventRounds "11"]
[EventType "swiss"]
[EventDate "2008.05.10"]

1. e4 e5 2. Nf3 Nc6 3. Bc4 Nf6 4. d3 Bc5 5. Nc3 d6 6. Bg5 Be6 7. Bd5 O-O 8. O-O
h6 9. Bh4 Rb8 10. Rb1 Nd4 11. Bxe6 fxe6 12. a3 Nc6 13. Na4 Bb6 14. Nxb6 axb6
15. b4 b5 16. c3 Qe8 17. Ra1 Rd8 18. Re1 Qg6 19. Qb3 Rde8 20. c4 bxc4 21. Qxc4
Rf7 1/2-1/2

[Event "DEM U10/U10w 2008"]
[Site "Willingen GER"]
[Date "2008.05.11"]
[Round "2"]
[White "Grigorian, Spartak"]
[Black "Hemprich, Iustus"]
[Result "1/2-1/2"]
[Termination "normal"]
[Board "9"]
[WhiteElo "1795"]
[BlackElo "1184"]
[PlyCount "128"]
[WhiteFideId "24661490"]
[EventCountry "GER"]
[EventRounds "11"]
[EventType "swiss"]
[EventDate "2008.05.10"]

1. e4 c5 2. Nf3 Nc6 3. d4 cxd4 4. Nxd4 Nf6 5. Nc3 e5 6. Ndb5 d6 7. Bg5 a6 8.
Na3 b5 9. Nd5 Be7 10. Bxf6 Bxf6 11. c3 O-O 12. Nc2 Bg5 13. a4 bxa4 14. Rxa4 Ne7
15. Ncb4 Nxd5 16. Nxd5 Bd7 17. Rxa6 Rxa6 18. Bxa6 Qa5 19. Bd3 Ra8 20. O-O Rb8
21. b4 Qa7 22. Qa1 Qb7 23. Qa6 Qxa6 24. Bxa6 Bd2 25. Rd1 Bg5 26. Bc4 Ba4 27.
Ra1 Bc6 28. Ra2 Kf8 29. Kf1 Ke8 30. Ke2 Kd8 31. Ra6 Kd7 32. Ra7+ Rb7 33. Rxb7+
Bxb7 34. f3 Bxd5 35. Bxd5 Ke8 36. b5 Bd8 37. Kf2 f6 38. Kg3 Ba5 39. c4 Be1+ 40.
Kg4 g6 41. f4 h5+ 42. Kf3 exf4 43. Kxf4 Bd2+ 44. Kf3 g5 45. Be6 Ba5 46. Bf5 Kf7
47. g3 Bb6 48. g4 h4 49. h3 Ke7 50. e5 fxe5 51. Ke4 Kd8 52. Kd5 Kc7 53. Ke6 Be3
54. Be4 Bf2 55. Kd5 Be3 56. Bd3 Bf2 57. Bf5 Be3 58. Ke4 Bc5 59. Kd3 Bb6 60. Be4
Bc5 61. Kc3 Be3 62. Kb4 Bc5+ 63. Ka5 Bb6+ 64. Ka6 Be3 1/2-1/2

[Event "DEM U10/U10w 2008"]
[Site "Willingen GER"]
[Date "2008.05.11"]
[Round "2"]
[White "Allin, Alexander"]
[Black "Kasel, Ronaldo"]
[Result "0-1"]
[Termination "normal"]
[Board "10"]
[WhiteElo "1156"]
[BlackElo "1438"]
[PlyCount "92"]
[WhiteFideId "12903698"]
[BlackFideId "24660949"]
[EventCountry "GER"]
[EventRounds "11"]
[EventType "swiss"]
[EventDate "2008.05.10"]

1. e4 e5 2. Nf3 Nc6 3. Bc4 Bc5 4. c3 d6 5. d4 exd4 6. cxd4 Bb6 7. Nc3 Bg4 8. h3
Bxf3 9. Qxf3 Qd7 10. d5 Ne5 11. Qe2 a6 12. O-O Ne7 13. Bb3 O-O-O 14. Be3 Bxe3
15. Qxe3 Kb8 16. Ba4 c6 17. dxc6 N5xc6 18. Qb6 Qc7 19. Qxc7+ Kxc7 20. Bb3 f5
21. Rfe1 Ne5 22. Rad1 g5 23. Be6 f4 24. Re2 h5 25. Rc2 N7c6 26. Nd5+ Kb8 27.
Nf6 Rh6 28. Rcd2 Rxf6 29. Bb3 g4 30. Kf1 gxh3 31. gxh3 f3 32. Rc1 Rg6 33. Rc3
Rd7 34. Bd1 Rf7 35. b3 Nb4 36. a3 Nbc6 37. b4 Rf4 38. Bc2 Rh4 39. Rd5 Rxh3 40.
Ke1 Rh1+ 41. Kd2 h4 42. Bd1 Rf6 43. Rc1 h3 44. Ba4 Rxc1 45. Kxc1 h2 46. Rd1 Rg6
0-1

[Event "DEM U10/U10w 2008"]
[Site "Willingen GER"]
[Date "2008.05.11"]
[Round "2"]
[White "Sawlin, Leonid"]
[Black "Dresig, Moritz"]
[Result "1-0"]
[Termination "normal"]
[Board "11"]
[WhiteElo "1431"]
[BlackElo "1181"]
[PlyCount "103"]
[WhiteFideId "4689542"]
[BlackFideId "1270307"]
[EventCountry "GER"]
[EventRounds "11"]
[EventType "swiss"]
[EventDate "2008.05.10"]

1. e4 e5 2. Nf3 d6 3. d4 Nc6 4. Bc4 Be7 5. O-O Bg4 6. h3 Bh5 7. Be2 exd4 8.
Nxd4 Bxe2 9. Nxe2 Nf6 10. Nbc3 Qd7 11. f4 h5 12. Be3 Nh7 13. Nd5 Nf6 14. Nec3
Nxd5 15. Nxd5 Bf6 16. c3 Nd8 17. Bd4 Bh4 18. Bxg7 Rg8 19. Qxh5 Be7 20. Bf6 Nc6
21. Bxe7 Qc8 22. Bg5 b6 23. Nf6+ Kd8 24. Nxg8+ Ke8 25. Nf6+ Ke7 26. Nd5+ Ke8
27. Qh8+ Kd7 28. Qxc8+ Rxc8 29. h4 Rh8 30. h5 Kc8 31. h6 Nb8 32. Kf2 Nd7 33.
Rh1 a5 34. h7 Nf8 35. Be7 Nxh7 36. Nf6 Kb7 37. Rxh7 Rxh7 38. Nxh7 f6 39. Nxf6
d5 40. Nxd5 c6 41. Ne3 c5 42. g4 b5 43. Bxc5 b4 44. cxb4 axb4 45. g5 b3 46. g6
Kc7 47. g7 Kd7 48. g8=Q Kc7 49. Qg6 Kd7 50. axb3 Kc7 51. Ra7+ Kd8 52. Qg8# 1-0

[Event "DEM U10/U10w 2008"]
[Site "Willingen GER"]
[Date "2008.05.11"]
[Round "2"]
[White "Richter, Leonard"]
[Black "Gheng, Christian"]
[Result "1/2-1/2"]
[Termination "normal"]
[Board "12"]
[WhiteElo "1379"]
[BlackElo "1177"]
[PlyCount "59"]
[WhiteFideId "12900290"]
[BlackFideId "24660345"]
[EventCountry "GER"]
[EventRounds "11"]
[EventType "swiss"]
[EventDate "2008.05.10"]

1. e4 c5 2. d4 cxd4 3. c3 d3 4. Bxd3 Nc6 5. Nf3 g6 6. Be3 Bg7 7. Na3 d6 8. Nc2
Nf6 9. Qd2 O-O 10. O-O-O Bd7 11. Nfd4 a5 12. f3 d5 13. Nxc6 bxc6 14. e5 Ne8 15.
f4 Rb8 16. Qe2 Qc7 17. g4 c5 18. Qg2 c4 19. Bf1 Bc6 20. Nd4 Qb7 21. h4 f6 22.
e6 a4 23. a3 Nd6 24. h5 Ne4 25. hxg6 h6 26. Nf5 Nxc3 27. Nxh6+ Bxh6 28. Rxh6
Na2+ 29. Kb1 Nc3+ 30. Kc1 1/2-1/2

[Event "DEM U10/U10w 2008"]
[Site "Willingen GER"]
[Date "2008.05.11"]
[Round "2"]
[White "Wiesner, Paula"]
[Black "Greßmann, Moritz"]
[Result "1-0"]
[Termination "normal"]
[Board "13"]
[WhiteElo "1364"]
[BlackElo "1172"]
[PlyCount "81"]
[WhiteFideId "24654019"]
[BlackFideId "24695084"]
[EventCountry "GER"]
[EventRounds "11"]
[EventType "swiss"]
[EventDate "2008.05.10"]

1. e4 e5 2. Nf3 Nc6 3. d4 exd4 4. Nxd4 Bc5 5. Be3 Qf6 6. c3 Nge7 7. Bc4 Ng6 8.
O-O d6 9. Nxc6 bxc6 10. Bxc5 dxc5 11. Nd2 O-O 12. Qc2 Nf4 13. Nb3 Nh3+ 14. Kh1
h6 15. f3 Nf4 16. Nxc5 Ne6 17. Nb3 a5 18. a4 Ba6 19. Nxa5 Bxc4 20. Nxc4 Rad8
21. Rad1 Ra8 22. b3 Nc5 23. Ra1 Rfb8 24. b4 Ne6 25. Rfd1 c5 26. b5 Ng5 27. Qb3
Nxf3 28. Rf1 Nd4 29. cxd4 Qh4 30. dxc5 Qxe4 31. Rfe1 Qd4 32. c6 Kh7 33. Qc2+ g6
34. Red1 Qg7 35. Rf1 f5 36. Rfd1 Rd8 37. Re1 Re8 38. Rf1 Reb8 39. Rab1 Qe7 40.
Rfd1 Re8 41. Rd7 1-0

[Event "DEM U10/U10w 2008"]
[Site "Willingen GER"]
[Date "2008.05.11"]
[Round "2"]
[White "Storch, Domenic"]
[Black "Lagunov, Rafael"]
[Result "0-1"]
[Termination "normal"]
[Board "14"]
[WhiteElo "1338"]
[BlackElo "1150"]
[PlyCount "43"]
[WhiteFideId "16200470"]
[BlackFideId "24652644"]
[EventCountry "GER"]
[EventRounds "11"]
[EventType "swiss"]
[EventDate "2008.05.10"]

1. d4 Nf6 2. c4 g6 3. Nc3 Bg7 4. e4 d6 5. f3 O-O 6. Be3 c5 7. d5 e6 8. Rc1 Re8
9. Bd3 exd5 10. cxd5 Nbd7 11. Bf2 Ne5 12. Bb1 Nc4 13. Qb3 Ne5 14. Nge2 Rb8 15.
O-O b5 16. Rfe1 c4 17. Qb4 a5 18. Qa3 b4 19. Qa4 bxc3 20. b3 Nd3 21. Bxd3 cxd3
22. Nxc3 0-1

[Event "DEM U10/U10w 2008"]
[Site "Willingen GER"]
[Date "2008.05.11"]
[Round "2"]
[White "Schnepper, Pauline"]
[Black "Hirschmann, Jakob"]
[Result "0-1"]
[Termination "normal"]
[Board "15"]
[WhiteElo "1145"]
[BlackElo "1335"]
[PlyCount "60"]
[WhiteFideId "12918040"]
[BlackFideId "24652067"]
[EventCountry "GER"]
[EventRounds "11"]
[EventType "swiss"]
[EventDate "2008.05.10"]

1. e4 e6 2. d4 d5 3. e5 c5 4. Nf3 Nc6 5. c3 Qb6 6. Be2 cxd4 7. cxd4 Nh6 8. O-O
Nf5 9. Be3 Qxb2 10. Nbd2 Ncxd4 11. Nxd4 Nxd4 12. Bg4 Nc6 13. Nf3 Nxe5 14. Nxe5
Qxe5 15. Re1 Qf6 16. Qd3 Bd7 17. h3 Bd6 18. Bd4 Qg6 19. Bf5 Qh6 20. Be3 Bf4 21.
g3 Bxe3 22. Rxe3 O-O 23. Bg4 Qf6 24. Rf3 Qxa1+ 25. Kg2 e5 26. Qxd5 Bc6 27. Qxe5
Qxe5 28. a3 Bxf3+ 29. Bxf3 Rad8 30. h4 Rd2 0-1

[Event "DEM U10/U10w 2008"]
[Site "Willingen GER"]
[Date "2008.05.11"]
[Round "2"]
[White "Dürr, Florian"]
[Black "Gerken, Frieso"]
[Result "1-0"]
[Termination "normal"]
[Board "16"]
[WhiteElo "1325"]
[BlackElo "878"]
[PlyCount "75"]
[WhiteFideId "24659134"]
[BlackFideId "1270505"]
[EventCountry "GER"]
[EventRounds "11"]
[EventType "swiss"]
[EventDate "2008.05.10"]

1. e4 e5 2. Nf3 Nc6 3. Bb5 a6 4. Ba4 Nf6 5. O-O b5 6. Bb3 Be7 7. d3 O-O 8. Be3
d6 9. h3 Be6 10. Nc3 Na5 11. Bd5 c6 12. Bxe6 fxe6 13. a4 d5 14. Bd2 b4 15. Ne2
c5 16. Ng3 Bd6 17. Re1 Qb6 18. exd5 Nxd5 19. Nxe5 c4 20. Nh1 Bc5 21. Rf1 Qc7
22. Nxc4 Nxc4 23. dxc4 Bd6 24. g3 Qxc4 25. b3 Qc5 26. Qe1 Rae8 27. Rc1 e5 28.
c3 bxc3 29. Bxc3 e4 30. Bxg7 Qb6 31. Bxf8 Kxf8 32. Rb1 Kg8 33. Kh2 e3 34. Rb2
Re7 35. Qd1 Qc5 36. Qg4+ Kh8 37. fxe3 Nxe3 38. Rf8# 1-0

[Event "DEM U10/U10w 2008"]
[Site "Willingen GER"]
[Date "2008.05.11"]
[Round "2"]
[White "Böhm, Jana"]
[Black "Hoppe, Jonas"]
[Result "1-0"]
[Termination "normal"]
[Board "17"]
[WhiteElo "1023"]
[BlackElo "1280"]
[PlyCount "75"]
[WhiteFideId "24661589"]
[EventCountry "GER"]
[EventRounds "11"]
[EventType "swiss"]
[EventDate "2008.05.10"]

1. e4 e5 2. Nf3 Nc6 3. Bc4 Bc5 4. c3 Nf6 5. d4 exd4 6. cxd4 Bb4+ 7. Bd2 Bxd2+
8. Nbxd2 d5 9. exd5 Nxd5 10. Qb3 Nce7 11. O-O O-O 12. Rfe1 c6 13. Rac1 Re8 14.
Ne4 Qb6 15. Qa3 Bf5 16. Nd6 Rf8 17. Bxd5 Be6 18. Bxe6 fxe6 19. Rxe6 Nf5 20.
Nxf5 Rxf5 21. Rce1 Rff8 22. d5 Rad8 23. d6 c5 24. Qc3 Rxd6 25. Re7 Rdf6 26.
Qc4+ Kh8 27. Ng5 Rxf2 28. Nf7+ Kg8 29. Ne5+ Kh8 30. Nd7 Qxb2 31. Qg4 h5 32.
Qxh5+ Kg8 33. Qd5+ Kh8 34. Nxf8 Rxf8 35. Re8 Qf2+ 36. Kh1 Rxe8 37. Qh5+ Kg8 38.
Rxe8+ 1-0

[Event "DEM U10/U10w 2008"]
[Site "Willingen GER"]
[Date "2008.05.11"]
[Round "2"]
[White "Müller, Constantin"]
[Black "Döpper, Anna Berenice"]
[Result "1-0"]
[Termination "normal"]
[Board "18"]
[WhiteElo "1275"]
[BlackElo "858"]
[PlyCount "73"]
[WhiteFideId "24697630"]
[BlackFideId "1271853"]
[EventCountry "GER"]
[EventRounds "11"]
[EventType "swiss"]
[EventDate "2008.05.10"]

1. e4 e6 2. d4 d5 3. exd5 exd5 4. Bd3 Nf6 5. Nf3 Bd6 6. c3 O-O 7. O-O Re8 8.
Bg5 h6 9. Bh4 Be7 10. Re1 g5 11. Nxg5 hxg5 12. Bxg5 Ng4 13. Qe2 Kf8 14. Bf4 Bd7
15. Qd2 Bf6 16. Bh6+ Nxh6 17. Qxh6+ Bg7 18. Qc1 Nc6 19. Nd2 Bh6 20. Qc2 Bxd2
21. Qxd2 Qf6 22. Re3 Qh6 23. Rxe8+ Rxe8 24. Qxh6+ Ke7 25. Re1+ Kd8 26. Rxe8+
Kxe8 27. h4 Ne7 28. Qh8+ Ng8 29. Qxg8+ Ke7 30. h5 Be8 31. h6 f6 32. h7 Bf7 33.
Qxf7+ Kxf7 34. h8=Q c6 35. Qh7+ Kf8 36. Bg6 b5 37. Qf7# 1-0

[Event "DEM U10/U10w 2008"]
[Site "Willingen GER"]
[Date "2008.05.11"]
[Round "2"]
[White "Riehle, Marco"]
[Black "Bardosch, Karl"]
[Result "0-1"]
[Termination "normal"]
[Board "19"]
[WhiteElo "1000"]
[BlackElo "1274"]
[PlyCount "130"]
[WhiteFideId "12904392"]
[BlackFideId "24696480"]
[EventCountry "GER"]
[EventRounds "11"]
[EventType "swiss"]
[EventDate "2008.05.10"]

1. e4 c5 2. Nf3 Nc6 3. d4 d6 4. dxc5 Qa5+ 5. Nc3 Qxc5 6. Be3 Qb4 7. Be2 Qxb2 8.
Nd5 Nb4 9. Bb5+ Kd8 10. Ba4 Nxd5 11. exd5 Qb4+ 12. c3 Qxc3+ 13. Bd2 Qc7 14. Rc1
Qb6 15. Nd4 Nf6 16. Nb3 Qa6 17. Na5 Nxd5 18. Qb3 e6 19. Bb5 Qb6 20. O-O Bd7 21.
Bxd7 Qxb3 22. axb3 Kxd7 23. Nxb7 Rb8 24. Na5 Be7 25. Rfd1 Rhc8 26. Rb1 Bf6 27.
Be3 Nc3 28. Nc4 Nxd1 29. Rxd1 d5 30. Bxa7 Rxb3 31. Nb6+ Rxb6 32. Bxb6 Bg5 33.
Be3 Bxe3 34. fxe3 Rc4 35. Kf2 Ke7 36. Kf3 h5 37. Rb1 g5 38. h3 g4+ 39. hxg4
hxg4+ 40. Kg3 Re4 41. Rb7+ Kf6 42. Kf2 d4 43. exd4 Rxd4 44. Ke3 Ra4 45. g3 e5
46. Rb6+ Kf5 47. Rb7 f6 48. Rf7 Ra3+ 49. Kf2 Rf3+ 50. Kg2 Ke4 51. Rh7 Ke3 52.
Rh4 f5 53. Rh5 e4 54. Kg1 Rxg3+ 55. Kf1 f4 56. Rh2 Rf3+ 57. Kg1 g3 58. Rg2 Rf2
59. Rxf2 gxf2+ 60. Kf1 Kd2 61. Kg2 e3 62. Kh2 e2 63. Kh1 e1=Q+ 64. Kh2 Qg1+ 65.
Kh3 Qg3# 0-1

[Event "DEM U10/U10w 2008"]
[Site "Willingen GER"]
[Date "2008.05.11"]
[Round "2"]
[White "Baberz, Alexander"]
[Black "Sabirov, Ramil"]
[Result "0-1"]
[Termination "normal"]
[Board "20"]
[WhiteElo "984"]
[BlackElo "1270"]
[PlyCount "62"]
[WhiteFideId "12921734"]
[BlackFideId "12900303"]
[EventCountry "GER"]
[EventRounds "11"]
[EventType "swiss"]
[EventDate "2008.05.10"]

1. d4 Nf6 2. c4 g6 3. Nc3 d5 4. e3 Bg7 5. Bd3 Nc6 6. Nf3 Bg4 7. h3 Bxf3 8. Qxf3
Nb4 9. Qe2 Nxd3+ 10. Qxd3 c6 11. O-O O-O 12. b3 Qc7 13. Bb2 Qd6 14. Rfe1 Nh5
15. Rac1 e5 16. cxd5 exd4 17. exd4 Nf4 18. Qd2 Nxd5 19. Nxd5 Qxd5 20. Rc5 Qd6
21. b4 Rfd8 22. Rc4 Rac8 23. Rec1 Re8 24. d5 Bxb2 25. Qxb2 Qxd5 26. b5 Qd6 27.
Qc2 Re7 28. bxc6 bxc6 29. Rxc6 Rxc6 30. Qxc6 Re1+ 31. Rxe1 Qxc6 0-1